Un amor prohibido / (Registro nro. 14445)

Detalles MARC
000 -LIDER
fixed length control field 00987cam a2200301 c 4500
001 - NÚMERO DE CONTROL
Identificador de número de control
003 - IDENTIFICACDOR DE NÚMERO DE CONTROL
control field DO-SdBNP
005 - DATE AND TIME OF LATEST TRANSACTION
control field 20230724105330.0
008 - ELEMENTOS DE LONGITUD FIJA
fixed length control field 110114s2010 sp | |||| 000 f spa
020 ## - ISBN
International Standard Book Number 9788466643306
040 ## - FUENTE DE CATALOGACIÓN
Agencia que crea de manera original el registro BPMSU
Idioma de catalogación spa
Agencia que realiza la transcripción BPMSU
Convenciones de la despripción
082 #4 - NÚMERO DE CLASIFICACIÓN DECIMAL DE DEWEY
Classification number 828.9943
Item number S552u 2010
Edition number 22
100 1# - ASIENTO PRINCIPAL -- NOMBRE PERSONAL
Nombre personal Sheridan, Sara
245 13 - MENCIÓN DE TITULO
Título Un amor prohibido /
Mención de responsabilidad Sara Sheridan ; traducción de Victoria Morera
Medio (Designación general de material)
246 14 - VARIACION DEL TÍTULO
Título propiamente dicho o título corto Un amor prohibido :
Subtítulo una historia de pasión espionaje en la China de la Guerra de Opio
260 ## - PUBLICACIÓN, DISTRIBUCIÓN, ETC. (PIE DE IMPRENTA)
Lugar de publicación, distribución, etc Barcelona :
Nombre del editor, distribuidor, etc. Ediciones B,
Fecha de publicación, distribución, etc 2010
300 ## - DESCRIPCIÓN FÍSICA
Extensión 402 p. ;
Dimensiones 23 cm
490 0# - MENCIÓN DE SERIES
Mención de serie Grandes novelas
500 ## - NOTA GENERAL
Materiales especificados Incluye datos biográficos de la autora en la solapa de la cubierta
534 ## - NOTA SOBRE LA VERSIÓN ORIGINAL
Asiento principal del original Título original :
Mención del título original The secret mandarin
590 ## - NOTA LOCAL
Enlace Inventariado, 2023/VM
650 #4 - ENCABEZAMIENTO DE MATERIA--TEMÁTICO
Término temático o nombre geográfico como elemento de entrada Novela escocesa
650 #4 - ENCABEZAMIENTO DE MATERIA--TEMÁTICO
Término temático o nombre geográfico como elemento de entrada Novela amorosa
650 #4 - ENCABEZAMIENTO DE MATERIA--TEMÁTICO
Término temático o nombre geográfico como elemento de entrada Epionaje
Subdivisión de forma novela
910 ## - VALIDACIÓN
Validación VMateo V. Control de calidad. BPMSU
942 ## - ADDED ENTRY ELEMENTS (KOHA)
Source of classification or shelving scheme Dewey Decimal Classification
Koha item type Libros
956 ## - LOCAL ELECTRONIC LOCATION AND ACCESS (OCLC)
Nombre de host
Existencias
Withdrawn status Lost status Source of classification or shelving scheme Damaged status Not for loan Collection code Home library Current library Date acquired Total Checkouts Full call number Barcode Date last seen Price effective from Koha item type
    Dewey Decimal Classification     Colección Escolar Biblioteca Pública Metropolitana Salomé Ureña Biblioteca Pública Metropolitana Salomé Ureña 07/24/2023   BPMSU CG 828.9943 S552u 2010 BPMSU23070063 07/24/2023 07/24/2023 Libros